000 00492nam a2200169Ia 4500
008 150610s9999 xx 000 0 und d
020 _a9780142414293
050 _aPZ7
_b.F598284RSor 2008
100 _aFlanagan, John
245 4 _aThe sorcerer of the North /
_cJohn Flanagan.
250 _a1st American ed.
260 _aNew York :
_bPuffin Books,
_c2008.
300 _a295pages ;
_c20 cm.
440 _aRanger's Apprentice; bk. 5
_vv.5
520 _aFiction.
650 _aWar
_xFiction.
999 _c287895
_d287895